Robinson Crusoe (Registro nro. 49528)

Detalles MARC
000 -ENCABEZADO
Número de control [NR] 02138nam a2200361Ia 4500
005 - FECHA Y HORA DE LA ÚLTIMA TRANSACCIÓN
control field 20140805153630.0
008 - DE LONGITUD FIJA DE DATOS DE ELEMENTOS - INFORMACIÓN GENERAL
Elementos de longitud fija [NR] 130821s1952 xx g q mlmul d
040 ## - FUENTE DE CATALOGACION [NR]
Agencia de catalogación original [NR] CO-BoUCM
Idioma de catalogación [NR] spa
Quien Cataloga
Quien Clasifica [Nuevo]
041 ## - CODIGO DE IDIOMA [R]
Código de idioma para texto/pista de sonido o título separado [R] Inglés
041 ## - CODIGO DE IDIOMA [R]
Código de idioma para texto/pista de sonido o título separado [R] Español
092 ## - SIGNATURA TOPOGRAFICA LOCAL
Número de clasificación local DVD 0080
245 00 - MENCION DE TITULO [NR]
Título [NR] Robinson Crusoe
Mención de responsabilidad, etc. [NR] Luis Buñuel, director
Medio físico [NR] [DVD]
260 ## - PUBLICACION, DISTRIBUCION, ETC. (PIE DE IMPRENTA) [R]
Lugar de publicación, distribución, etc. [R] [Lugar desconocido]
Nombre del editor, distribuidor, etc. [R] Ultramar Films, Olmec
Fecha de publicación, distribución, etc. [R] 1952
300 ## - DESCRIPCION FISICA [R]
Extensión [R] 1 DVD, 90 minutos
Otros detalles físicos [NR] imagen, sonido, color
500 ## - NOTA GENERAL [R]
Nota general [NR] SINOPSIS : En 1659, el inglés Robinson, único sobreviviente de un naufragio, llega a una isla desierta. Tras varios años de soledad, Robinson descubre que la isla está habitada por salvajes. Tras enfrentarse a ellos, salva a un nativo a quien le pone el nombre de Viernes. Juntos vivirán en la isla por varios años más, hasta que otros náufragos aparecen
508 ## - NOTA DE CREDITOS DE CREACION/PRODUCCION [R]
Nota de créditos de creación/producción [NR] CRÉDITOS: Dirigida por Luis Buñuel ; guion por Philip Ansell Roll ; producida por Óscar Dancigers ; música por Anthony Collins ; fotografía por Alex Phillips ; diseño de producción por Edward Fitzgerald ; ambientación por Pablo Galván ; maquillaje por Armando Meyer
511 0# - NOTA DE PARTICIPANTE O INTERPRETE [R]
Nota de participante o intérprete [NR] REPARTO: Dan O'Herlihy, Jaime Fernández, Felipe de Alba, Chel López, José Chávez, Emilio Garibay
520 ## - NOTA DE RESUMEN, ETC. [R]
Nota de sumario, etc. [NR] Basado en el libro "Robinson Crusoe" de Daniel Defoe
546 ## - NOTA DE IDIOMA [R]
Nota de idioma [NR] Audio en inglés y español. Subtítulos en inglés
650 04 - ASIENTO SECUNDARIO DE MATERIA - TERMINO TEMATICO [R]
Término temático o nombre geográfico como elemento de entrada [NR] Entretenimiento
9 (RLIN) 26487
650 04 - ASIENTO SECUNDARIO DE MATERIA - TERMINO TEMATICO [R]
Término temático o nombre geográfico como elemento de entrada [NR] Literatura en el cine
Subdivisión de forma [R] DVD
9 (RLIN) 18647
650 04 - ASIENTO SECUNDARIO DE MATERIA - TERMINO TEMATICO [R]
Término temático o nombre geográfico como elemento de entrada [NR] Literatura europea
9 (RLIN) 26524
650 04 - ASIENTO SECUNDARIO DE MATERIA - TERMINO TEMATICO [R]
Término temático o nombre geográfico como elemento de entrada [NR] Películas cinematográficas
Subdivisión de forma [R] DVD
-- Versiones cinematográficas
-- DVD
9 (RLIN) 56398
650 04 - ASIENTO SECUNDARIO DE MATERIA - TERMINO TEMATICO [R]
Término temático o nombre geográfico como elemento de entrada [NR] Películas cinematográficas
Subdivisión geográfica [R] Estados Unidos
Subdivisión de forma [R] DVD
9 (RLIN) 51326
650 04 - ASIENTO SECUNDARIO DE MATERIA - TERMINO TEMATICO [R]
Término temático o nombre geográfico como elemento de entrada [NR] Películas de aventuras
Subdivisión de forma [R] DVD
9 (RLIN) 21236
700 1# - ASIENTO SECUNDARIO - NOMBRE PERSONAL [R]
Nombre personal [NR] Buñuel, Luis
Fechas asociadas con el nombre [NR] 1900-1983
9 (RLIN) 63597
Término de relación [R] director
710 2# - ASIENTO SECUNDARIO - NOMBRE CORPORATIVO [R]
Nombre corporativo o de jurisdicción como elemento de entrada [NR] Olmec
9 (RLIN) 63598
710 2# - ASIENTO SECUNDARIO - NOMBRE CORPORATIVO [R]
Nombre corporativo o de jurisdicción como elemento de entrada [NR] Producciones Tepeyac
9 (RLIN) 63599
710 2# - ASIENTO SECUNDARIO - NOMBRE CORPORATIVO [R]
Nombre corporativo o de jurisdicción como elemento de entrada [NR] VCI Entertainment
9 (RLIN) 63600
765 0# - ASIENTO DE IDIOMA ORIGINAL [R]
Título [NR] Robinson Crusoe
856 40 - LOCALIZACION Y ACCESO ELECTRONICOS [R]
Identificador Uniforme del Recurso (“URI”) [R] <a href="https://www.youtube.com/watch?v=KaBA7_z_nCE">https://www.youtube.com/watch?v=KaBA7_z_nCE</a>
Nota dirigida al público [R] Siga este enlace para ver el trailer
-- Trailer tomado del canal CSTONEUK vía YouTube.com
942 ## - ELEMENTOS DE ENTRADA AGREGADOS (KOHA)
Koha item type Multimedia
Source of classification or shelving scheme LOCAL
Tema principal Entretenimiento
Edition 1
Classification part DVD 0080
Existencias
Suprimido Perdido Sistema de clasificación Dañado No prestable Tipo de ítem específico Ubicación habitual Ubicación actual Localización Fecha de creación Costo Total préstamos Total Renewals Signatura topográfica Código de barras Última vez visto Fecha de último préstamo Ejemplar Price effective from Tipo de ítem Forma de adquisición
    LOCAL     DVD Claustro Claustro Colección digital 28/02/2006 26000.00 56 2 DVD 0080 100078776 10/12/2024 20/06/2013 Ej.2 03/02/2013 Multimedia  
    LOCAL   Préstamo restringido DVD Procesos Técnicos (no para préstamo) Procesos Técnicos (no para préstamo) Procesos Técnicos 28/02/2006 57552.00 2   DVD 0080 100078775 04/12/2025 07/05/2012 Ej.1 03/02/2013 Multimedia Compra